Where did golfers go to college - Statistics

General Stats
  • This quiz has been taken 44 times
  • The average score is 12 of 20
Answer Stats
Golfer College % Correct
Scottie Scheffler Texas
95%
Jordan Speith Texas
95%
Tiger Woods Stanford
85%
Michael Thorbjornsen Stanford
85%
Justin Thomas Alabama
80%
Nick Dunlap Alabama
80%
Phil Mickelson Arizona st
68%
Rickie Fowler Oklahoma st
68%
Viktor Hovland Oklahoma st
68%
Max Homa California
63%
Collin Morikawa California
63%
Ludvig Åberg Texas Tech
63%
Bubba Watson Georgia
59%
Bryson DeChambeau Southern Methodist
51%
Wesley Bryan South Carolina
49%
Xander Schauffele San Diego st
41%
Matt Fitzpatrick Northwestern
34%
Joel Dahmen Washington
20%
Min Woo Lee Houston
15%
Rory McIlroy East Tennessee st
12%
No matching quizzes found
Score Distribution
Percent of People with Each Score
Percentile by Number Answered
Your Score History
You have not taken this quiz